Loading...

Venture capital: the Indian experience /

Bibliographic Details
Main Author: Pandey, IM
Format: Printed Book
Language:English
Published: New Delhi : Prentice Hall of India, 1996.
LEADER 00489nam a2200133Ia 4500
008 150624b xxu||||| |||| 00| 0 eng d
082 |a 658.152 
100 |a Pandey, IM 
245 |a Venture capital:  |b the Indian experience /  |c IM Pandey 
260 |a New Delhi :  |b Prentice Hall of India,  |c 1996. 
300 |a 140 p. 
942 |c BK 
999 |c 48750  |d 48750 
952 |0 0  |1 0  |4 0  |6 658_152000000000000_PAN_V  |7 0  |9 48728  |a UL  |b UL  |c ST1  |d 1998-08-27  |l 2  |o 658.152 PAN/V  |p 71079  |r 2017-09-19  |s 2017-08-08  |v 125.00  |w 2012-10-27  |y BK